000 00622nam a2200193 a 4500
005 20140310183501.0
008 100312s19uu xx 00 eng d
020 _a13:978-0-7817-8121-3
050 _aRT 48
_b.C37 2008
100 _aMoyet, Lynda Juall Carpenito
245 _aNursing diagnosis :
_bapplication to clinical practice /
_cLynda Juall Carpenito-Moyet.
260 _aPhiladelphia :
_bLippincott Williams & Wilkins,
_cc2008.
300 _a999 p. :
_b26 cm.
_cill. ;
521 _aNUR
650 _aNursing
_xDiagnosis
_xapplicaton
650 _aNursing
_xAssessment.
942 _cBK
_2lcc
_kFOR
999 _c23907
_d23907